| 000 | 00543nam a2200241Ia 4500 | ||
|---|---|---|---|
| 005 | 20251020182543.0 | ||
| 008 | 200515s9999 xx 000 0 und d | ||
| 082 | _a747.40/A81 | ||
| 100 | _aASENSIO CERVER, Francisco | ||
| 245 | 0 | _aArchitects of the Word | |
| 260 | _aBarcelona | ||
| 260 | _c1998 | ||
| 300 | _a191 | ||
| 500 | _a1 ejemplar | ||
| 650 | _aAUDITORIOS | ||
| 650 | _aBIBLIOTECAS | ||
| 650 | _aDISEÑO ARQUITECTONICO | ||
| 650 | _aGALERIAS | ||
| 650 | _aHOTELES | ||
| 650 | _aLIB | ||
| 650 | _aMUSEOS | ||
| 942 | _cLIB | ||
| 999 |
_c2477 _d2477 |
||